Essential calculus with business applications / (Record no. 118214)
[ view plain ]
| 000 -LEADER | |
|---|---|
| fixed length control field | 00588nam a2200169Ia 4500 |
| 008 - FIXED-LENGTH DATA ELEMENTS--GENERAL INFORMATION | |
| fixed length control field | 140609s9999 xx 000 0 und d |
| 020 ## - INTERNATIONAL STANDARD BOOK NUMBER | |
| International Standard Book Number | 9789715537735 |
| 050 ## - LIBRARY OF CONGRESS CALL NUMBER | |
| Classification number | QA 303 |
| Item number | .R934 2011 |
| 100 ## - MAIN ENTRY--PERSONAL NAME | |
| Personal name | Ruivivar, Leonor Aquino. |
| 245 ## - TITLE STATEMENT | |
| Title | Essential calculus with business applications / |
| Statement of responsibility, etc | Leonor Aquino-Ruivivar, Yvette Fajardo-Lim |
| 260 ## - PUBLICATION, DISTRIBUTION, ETC. (IMPRINT) | |
| Place of publication, distribution, etc | Quezon City, Philippines : |
| Name of publisher, distributor, etc | Abiva Publishing House, Inc., |
| Date of publication, distribution, etc | c2011. |
| 300 ## - PHYSICAL DESCRIPTION | |
| Extent | 485 p. : |
| Other physical details | ill. ; |
| Dimensions | 26 cm. |
| 500 ## - GENERAL NOTE | |
| General note | Includes glossary, bibliographical references and index. |
| 521 ## - TARGET AUDIENCE NOTE | |
| Target audience note | |
| 942 ## - ADDED ENTRY ELEMENTS (KOHA) | |
| Call number prefix | Local |
| Koha item type | Books |
| Withdrawn status | Lost status | Source of classification or shelving scheme | Damaged status | Home library | Current library | Shelving location | Date acquired | Source of acquisition | Cost, normal purchase price | Total Checkouts | Total Renewals | Full call number | Barcode | Date last seen | Date checked out | Price effective from | Koha item type |
|---|---|---|---|---|---|---|---|---|---|---|---|---|---|---|---|---|---|
| Library of Congress Classification | Archives | Archives | 06/09/2014 | Donation | 485.00 | 2 | 15 | QA 303 .R934 2011 | C18502 | 05/02/2019 | 01/11/2019 | 06/09/2014 | Books |